Estudio y comprensión de la sociedad 8º básico: texto para el estudiante
Uloženo v:
| Hlavní autoři: | , , |
|---|---|
| Médium: | Kniha |
| Jazyk: | španělština |
| Vydáno: |
Santiago
Mare Nostrum
2007
|
| Vydání: | 1a. ed |
| Témata: | |
| Tagy: |
Přidat tag
Žádné tagy, Buďte první, kdo vytvoří štítek k tomuto záznamu!
|
MARC
| LEADER | 00000nam a2200000 a 4500 | ||
|---|---|---|---|
| 001 | UCI5731 | ||
| 003 | CL-VaPUC | ||
| 008 | 080404e20070000CL |||||||||||||||||spa|d | ||
| 020 | |a 9562941825 | ||
| 082 | 0 | 4 | |a 372.83 |b GIA |2 21 |
| 100 | |a Giadrosic Reyes, Georgina |e author |9 593448 | ||
| 700 | |a León Hulaud, Michelle |e author |9 544338 | ||
| 700 | 0 | |a Aviles Cañiuñir, Marco Antonio |e author |9 528283 | |
| 245 | 1 | 0 | |a Estudio y comprensión de la sociedad 8º básico: texto para el estudiante |
| 250 | |a 1a. ed | ||
| 300 | |a 200 p | ||
| 942 | |c BK | ||
| 945 | |d 20080404 00:00:00 |a jtorresc | ||
| 260 | |a Santiago |b Mare Nostrum |c 2007 | ||
| 650 | 0 | |a Educación básica |9 224933 | |
| 650 | 0 | |a Educación cívica |9 314665 | |
| 650 | 0 | |a Métodos de enseñanza |9 270413 | |
| 650 | 0 | |a Enseñanza de la historia |9 307330 | |
| 650 | 0 | |a Enseñanza de la geografía |9 310005 | |
| 650 | 7 | |a LIBROS DE TEXTOS |2 CL-VaPUC |9 528284 | |
| 583 | |a last modification |c 20180314 11:24:46 |k Rodrigo Vera | ||
| 999 | |c 329424 |d 329422 | ||
| 952 | |0 0 |1 0 |4 0 |6 372_830000000000000_GIA_2007 |7 0 |8 A |9 414037 |a BIBEDU |b BIBEDU |d 2019-11-22 |i 4422112 |o 372.83 GIA 2007 |p 4422112 |r 2019-11-22 |w 2019-11-22 |y BK |k EDU | ||